Les parfums de stars - Statistiques

Statistiques générales
  • Ce quiz a été pris 18 fois
  • Le résultat moyen est 26 sur 33
Statistiques - réponses
Par images Réponse % Correct
Ariana Grande
100%
Antonio Banderas
88%
Beyoncé
88%
Bruce Willis
88%
Céline Dion
88%
Christina Aguilera
88%
David Beckham
88%
Enrique Iglesias
88%
Heidi Klum
88%
Kate Moss
88%
Kim Kardashian
88%
Kylie Minogue
88%
Lady Gaga
88%
Naomi Campbell
88%
Rihanna
88%
Alain Delon
82%
Billie Eilish
82%
Britney Spears
82%
Maluma
82%
Mariah Carey
82%
Nicki Minaj
82%
Sarah Jessica Parker
82%
Shakira
82%
Usher
82%
Jennifer Lopez
76%
Katy Perry
76%
Hilary Duff
71%
One Direction
71%
Selena Gomez
71%
Paris Hilton
53%
Demi Lovato
41%
Justin Bieber
24%
Johnny Hallyday
6%
Aucun quiz correspondant
Distribution des résultats
% des personnes avec chaque résultat
Percentile par nombre de réponses
Votre historique - résultats
Vous n’avez pas pris ce quiz